000 00532nam a2200169Ia 4500
005 20250423095533.0
008 250422s9999 xx 000 0 und d
020 _a978-689-84960-2
050 _aPZ 7 .W78436/
245 0 _aGracie's girl
260 _aNew York
260 _bSimon & Schuster Books for Young Reader
260 _c2000
300 _a186 p
650 _a Homeless persons--Fiction. Shelters for the homeless--Fiction. Schools--Fiction. Family life--Fiction. Identity--Fiction.
942 _cBK
999 _c30577
_d30577